000
00311nam a2200109Ia 4500
008
200302s9999 xx 000 0 und d
100
_a
Peter Du Pont & Other
245
_a
Residential Indoor Air Quality and Energy Efficiency
260
_b
Universitywide Energy Research Group
260
_c
1989
300
_a
267 P.,
999
_c
2068
_d
2068